अखबार में फोटो/ (Record no. 201882)

MARC details
000 -LEADER
fixed length control field 00668nam a22001937a 4500
005 - DATE AND TIME OF LATEST TRANSACTION
control field 20240403115826.0
010 ## - LCCN (DPL NO)
LC control number HIN-127251
020 ## - INTERNATIONAL STANDARD BOOK NUMBER
International Standard Book Number 9789389373899
Terms of availability 199.00
035 ## - SYSTEM CONTROL NUMBER
System control number HN-99597
037 ## - SOURCE OF ACQUISITION
Source of stock number/acquisition DBAD/PUB.
082 ## - DEWEY DECIMAL CLASSIFICATION NUMBER
Classification number
100 ## - MAIN ENTRY--PERSONAL NAME
Personal name ऋषि,रवि
245 ## - TITLE STATEMENT
Title अखबार में फोटो/
Statement of responsibility, etc रवि ऋषि
250 ## - EDITION STATEMENT
Edition statement 1
260 ## - PUBLICATION, DISTRIBUTION, ETC. (IMPRINT)
Place of publication, distribution, etc दिल्ली
Name of publisher, distributor, etc राजपाल एंड संस
Date of publication, distribution, etc 2024
270 ## - ADDRESS
Address 1590 मदरषा रोड कश्मीरी गेट
City दिल्ली
Postal code 110006
300 ## - PHYSICAL DESCRIPTION
Extent 112पृ;
Dimensions 22 सेमी (अजिल्द)
942 ## - ADDED ENTRY ELEMENTS (KOHA)
Institution code [OBSOLETE] dpl
Item type Hindi Books
Source of classification or shelving scheme Dewey Decimal Classification
Classification part
Call number suffix ऋषिर
Holdings
Withdrawn status Lost status Not for loan Collection code Home library Current library Date acquired Source of acquisition Cost, normal purchase price Full call number Barcode Cost, replacement price Koha item type
      Fiction Bawana Bawana 02/04/2024 DBAD 199.00 क ऋषिर HN-99597 199.00 Hindi Books

© Delhi Public Library
Hit Counter
free hit counter